| 000 | 00479nam a2200193Ia 4500 | ||
|---|---|---|---|
| 005 | 20220908150436.0 | ||
| 008 | 131103s9999 xx 000 0 und d | ||
| 020 | _a000617454 X | ||
| 040 | _aLoreto College | ||
| 041 | _aEnglish | ||
| 082 |
_aF _bCLA |
||
| 100 | _aClancy,Tom | ||
| 245 | 4 |
_aThe Cardinal of the Kremlin _cTom Clancy |
|
| 260 |
_aGreat Britain _bFontana/Collins _c1988 |
||
| 300 | _a626 p. | ||
| 650 | _aFiction in English | ||
| 850 | _aLCLIB | ||
| 942 | _cBK | ||
| 999 |
_c15926 _d66405 |
||